Documentos sobre Isla de Pascua: 1864-1888

Збережено в:
Бібліографічні деталі
Автори: Foerster González, Rolf (Автор), Moreno Pakarati, Cristian (Автор)
Інші автори: Montecino Aguirre, Sonia (autora)
Формат: Книга
Мова:Іспанська
Опубліковано: Santiago Biblioteca Nacional 2013
Santiago Pontificia Universidad Católica de Chile 2013
Santiago Cámara Chilena de la Construcción 2013
Редагування:1a. ed
Серія:Biblioteca Fundamentos de la Construcción de Chile, 96
Предмети:
Теги: Додати тег
Немає тегів, Будьте першим, хто поставить тег для цього запису!

MARC

LEADER 00000cam a2200000 a 4500
001 UCF9786
003 CL-VaPUC
008 131213e20130000cl |||||||||||||||||spa|d
020 |a 9789568306960 
082 0 4 |a 918.3168  |b FOE  |2 21 
100 0 |a Foerster González, Rolf  |e author  |9 572198 
700 |a Montecino Aguirre, Sonia  |e autora  |9 342204 
700 0 |a Moreno Pakarati, Cristian  |e author  |9 572199 
245 1 0 |a Documentos sobre Isla de Pascua: 1864-1888 
250 |a 1a. ed 
300 |a 696 p 
942 |c BK 
945 |d 20131213 11:12:00  |a dcastane 
260 |a Santiago  |b Biblioteca Nacional  |c 2013 
260 |a Santiago  |b Pontificia Universidad Católica de Chile  |c 2013 
260 |a Santiago  |b Cámara Chilena de la Construcción  |c 2013 
650 0 |a Historia de Chile   |9 322385 
651 0 |a Isla de Pascua  |9 261357 
583 |a last modification  |c 20131213 11:12:00  |k Rodrigo Vera 
490 0 |a Biblioteca Fundamentos de la Construcción de Chile, 96 
999 |c 354196  |d 354194 
952 |0 0  |1 0  |3 erb  |4 0  |6 918_316800000000000_FOE_2013_2013_2013  |7 0  |8 A  |9 459877  |a BIBHIS  |b BIBHIS  |i 5034108  |l 1  |o 918.3168 FOE 2013 2013 2013  |p 5034108  |r 2025-01-20  |s 2023-11-20  |w 2019-11-23  |y BK  |z Catalogado en:20131213  |k HIS